000 00491nam a2200193Ia 4500
005 20240823033110.0
008 240823s9999||||xx |||||||||||||| ||und||
020 _a81-239-0989-6
041 _aENGLISH
082 _A624.18341 QL
100 _aKrishna Raju N
245 0 _aDesign of Reinforced concrete structures
250 _a3rd
260 _c2012
_b"CBS Publishers & Distributors,New "
500 _aYES
650 _aConcrete Structrues
_bCivil
942 _cBK
999 _c195003
_d195003